ბათუმის შოთა რუსთაველის სახელმწიფო უნივერსიტეტის ბიბლიოთეკა

მანქანათსაშენებელ საწარმოთა ორგანიზაცია და დაგეგმვა : (ბიბ.ჩანაწერი № 56939)

000 -ლიდერი
ფიქსირებული სიგრძის საკონტროლო ველი 01001nam a22001817a 4500
003 - საკონტროლო ნომრის იდენტიფიკატორი
საკონტროლო ველი Ge_BSU
005 - ბოლო ოპერაციის თარიღი და დრო
საკონტროლო ველი 20190628155723.0
008 - ფიქსირებული სიგრძის მონაცემთა ელემენტები - ზოგადი ინფორმაცია
ფიქსირებული სიგრძის საკონტროლო ველი 190628s1961 ge ||||| |||| 00| 0 geo d
041 ## - ენის კოდი
Language code of text/sound track or separate title geo
080 ## - უნივერსალური ათობითი კლასიფიკაციის ინდექსი
Universal Decimal Classification number 621:658.5(075.8) კ--39
100 ## - მთავარი ჩანაწერი - პიროვნების სახელი
Personal name კელენჯერიძე, ბიძინა.
9 (RLIN) 3062
245 ## - ცნობა სათაურის შესახებ
Title მანქანათსაშენებელ საწარმოთა ორგანიზაცია და დაგეგმვა :
Remainder of title უმაღლ. ტექნ. სასწ. მექანიკა-მანქანათმშენებლობის სპეც. სტუდ. /
Statement of responsibility, etc ბიძინა, კელენჯერიძე.
264 ## - წარმოების, გამოცემის, დისტრიბუციის და სხვა ცნობები
გამოცემის, წარმოების, დისტრიბუციის... ადგილი თბილისი :
გამოცემის, წარმოების, დისტრიბუციის... სახელწოდება ცოდნა,
გამოცემის, წარმოების, დისტრიბუციის... თარიღი 1961.
300 ## - ფიზიკური აღწერა
Extent 215გვ. :
Other physical details ნახაზ. და ილ., 5ფ. სქემ. ;
Dimensions 22 სმ.
504 ## - BIBLIOGRAPHY, ETC. NOTE
Bibliography, etc ბიბლიოგრ.: გვ. 211-212.
653 ## - INDEX TERM--UNCONTROLLED
Uncontrolled term მანქანათმშენებლობა
942 ## - ADDED ENTRY ELEMENTS (KOHA)
Source of classification or shelving scheme
Koha item type წიგნი
ეგზემპლარები
ჩამოწერის სტატუსი დაკარგული ეგზემპლარის სტატუსი კლასიფიკაციის წყარო ან თაროზე გაწყობის სქემა დაზიანების სტატუსი არ გაიცემა მუდმივი მდებარეობა (დაცვის ადგილი) ამჟამინდელი ადგილსამყოფელი თაროზე განთავსების ადგილი შეძენის თარიღი ღირებულება, შესყიდვის ნორმალური ფასი სრული შენახვის შიფრი შტრიხკოდი ბოლო ოპერაციის თარიღი ეგზემპლარის მიმდევრობითი ნომერი (კეტერი?) ფასის ძალაში შესვლის თარიღი ეგზემპლარის სახეობა საჯარო შენიშვნა
          ტექნოლოგიური ფაკულტეტის ბიბლიოთეკა ტექნოლოგიური ფაკულტეტის ბიბლიოთეკა წიგნსაცავი 2019-06-28 1.00 621:658.5(075.8) კ--39 11068 2019-06-28 11068 2019-06-28 წიგნი 1 ლ. 02 თ.
          ტექნოლოგიური ფაკულტეტის ბიბლიოთეკა ტექნოლოგიური ფაკულტეტის ბიბლიოთეკა წიგნსაცავი 2019-06-28 1.02 621:658.5(075.8) კ--39 11069 2019-06-28 11069 2019-06-28 წიგნი 1 ლ. 02 თ.